000 004410000a22001690004500
003 MACL
005 20151218141600.0
008 151218b xxu||||| |||| 00| 0 eng d
040 _aMACL
_cMACL
041 _aEnglish
082 _a050/ELI
100 _aEliot, Charles W
_921159
245 _aContinental Drama
_bHarvard Classics Vol 26
260 _bP F Collier & Son
_c1956
650 _aSerial Publication
_9330
942 _cBK
_k050/ELI
_2ddc
999 _c40610
_d40610